000 00577nam a2200193Ia 4500
005 20250508163458.0
008 008 250505s9999 xx 000 0 eng d
037 _aDissertations
040 _aFEDL
_beng
_cFEDL
041 _aeng
_2eng
084 _a371.95, SAX/DI
_qFEDL
100 _aSaxena Vandana
245 0 _aDevelopment of a unit in physics for gifted students using enrichment triad model
260 _c1993
300 _a115p.
546 _aM. Ed. Dissertation (Delhi University)
942 _cDIS
_h371.95, SAX/DI
999 _c1383566
_d1383566